The gospel : (Record no. 10027)

MARC details
000 -LEADER
fixed length control field 01324cam a2200385 i 4500
001 - CONTROL NUMBER
control field 18031486
003 - CONTROL NUMBER IDENTIFIER
control field GBCCL
005 - DATE AND TIME OF LATEST TRANSACTION
control field 20241126110723.0
007 - PHYSICAL DESCRIPTION FIXED FIELD--GENERAL INFORMATION
fixed length control field cr_|||||||||||
008 - FIXED-LENGTH DATA ELEMENTS--GENERAL INFORMATION
fixed length control field 140205s2014 ilu ob 001 0 eng
010 ## -
-- 2014005113
020 ## - INTERNATIONAL STANDARD BOOK NUMBER
International Standard Book Number 9781433540868 ( epub)
020 ## - INTERNATIONAL STANDARD BOOK NUMBER
International Standard Book Number 9781433540844 (pdf)
020 ## - INTERNATIONAL STANDARD BOOK NUMBER
International Standard Book Number 9781433540851 (mobi)
020 ## - INTERNATIONAL STANDARD BOOK NUMBER
Canceled/invalid ISBN 9781433540837 (hc)
040 ## - CATALOGING SOURCE
Original cataloging agency DLC
Language of cataloging eng
Transcribing agency DLC
Description conventions rda
Modifying agency DLC
042 ## -
-- pcc
050 00 -
-- BV203
082 00 - DEWEY DECIMAL CLASSIFICATION NUMBER
Classification number 262
Edition information 23
Item number ORT
100 1# - MAIN ENTRY--PERSONAL NAME
Personal name Ortlund, Raymond C.
9 (RLIN) 9780
245 14 - TITLE STATEMENT
Title The gospel :
Remainder of title how the church portrays the beauty of Christ /
Statement of responsibility, etc. Ray Ortlund.
264 #1 - PRODUCTION, PUBLICATION, DISTRIBUTION, MANUFACTURE, AND COPYRIGHT NOTICE
Place of production, publication, distribution, manufacture Wheaton, Illinois :
Name of producer, publisher, distributor, manufacturer Crossway,
Date of production, publication, distribution, manufacture, or copyright notice 2014.
300 ## - PHYSICAL DESCRIPTION
Extent 1 online resource.
336 ## - CONTENT TYPE
Content type term text
Source rdacontent
337 ## - MEDIA TYPE
Media type term computer
Source rdamedia
338 ## - CARRIER TYPE
Carrier type term online resource
Source rdacarrier
490 0# - SERIES STATEMENT
Series statement 9marks: building healthy churches
504 ## - BIBLIOGRAPHY, ETC. NOTE
Bibliography, etc. note Includes bibliographical references and index.
588 ## - SOURCE OF DESCRIPTION NOTE
Source of description note Description based on print version record and CIP data provided by publisher.
600 00 - SUBJECT ADDED ENTRY--PERSONAL NAME
Personal name Jesus Christ
General subdivision Person and offices.
9 (RLIN) 268
776 08 - ADDITIONAL PHYSICAL FORM ENTRY
Relationship information Print version:
Main entry heading Ortlund, Raymond C.
Title Gospel
Place, publisher, and date of publication Wheaton : Crossway, 2014
International Standard Book Number 9781433540837
Record control number (DLC) 2013033035
906 ## - LOCAL DATA ELEMENT F, LDF (RLIN)
a 7
b cbc
c origcop
d 1
e ecip
f 20
g y-gencatlg
942 ## - ADDED ENTRY ELEMENTS (KOHA)
Source of classification or shelving scheme Dewey Decimal Classification
Koha item type Books
Holdings
Withdrawn status Lost status Source of classification or shelving scheme Damaged status Not for loan Home library Current Library Shelving location Date acquired Total checkouts Full call number Barcode Date last seen Copy number Price effective from Koha item type Date last checked out
    Dewey Decimal Classification     GRACE BIBLE COLLEGE GRACE BIBLE COLLEGE Ministry & Mission 2024-02-06   262 ORT 016462 2025-05-01 c.1 2024-02-06 Books  
    Dewey Decimal Classification     GRACE BIBLE COLLEGE GRACE BIBLE COLLEGE Ministry & Mission 2024-02-06 1 262 ORT 016463 2026-02-02 c.2 2024-02-06 Books 2026-01-27
© Grace Bible College Library 2025